000 00291nam a2200109Ia 4500
008 220204s9999 xx 000 0 und d
082 _a531.111
_bDAV
100 _aDavies, D C W
245 0 _aSpace and time in the modern universe
260 _aLondon
_bCambridge University
_c1977
942 _cBK
999 _c25738
_d25738